LEADER 03453nam 22006855 450 001 9910746968503321 005 20250423181705.0 010 $a981-9903-37-8 024 7 $a10.1007/978-981-99-0337-5 035 $a(MiAaPQ)EBC30771316 035 $a(CKB)28464934200041 035 $a(Au-PeEL)EBL30771316 035 $a(PPN)272915491 035 $a(DE-He213)978-981-99-0337-5 035 $a(EXLCZ)9928464934200041 100 $a20231004d2023 u| 0 101 0 $aeng 135 $aurcnu|||||||| 181 $ctxt$2rdacontent 182 $cc$2rdamedia 183 $acr$2rdacarrier 200 10$aAdvances in Tourism, Technology and Systems $eSelected Papers from ICOTTS 2022, Volume 1 /$fedited by João Vidal Carvalho, António Abreu, Pedro Liberato, Alejandro Peña 205 $a1st ed. 2023. 210 1$aSingapore :$cSpringer Nature Singapore :$cImprint: Springer,$d2023. 215 $a1 online resource (744 pages) 225 1 $aSmart Innovation, Systems and Technologies,$x2190-3026 ;$v345 311 08$a9789819903368 320 $aIncludes bibliographical references and index. 327 $aCompetitiveness of the Medical Tourism Supply in Portugal -- WRC Vodafone Rally de Portugal fostering tourism development -- The Brazilian tourist on international trips: A behavioral analysis -- Digital influencers and tourism marketing: preliminary approach -- An Empirical Model for Measuring Quality and Maturity of Interoperability of E-Government Solutions -- Case Study: Public Entities Related to Tourism, Hospitality, and Gastronomy in Ecuador. 330 $aThis book features a collection of high-quality research papers presented at the International Conference on Tourism, Technology and Systems (ICOTTS 2022), held at University of Chile, Santiago de Chile, Chile, from 3 to 5 November 2022. The book is divided into two volumes, and it covers the areas of technology in tourism and the tourist experience, generations and technology in tourism, digital marketing applied to tourism and travel, mobile technologies applied to sustainable tourism, information technologies in tourism, digital transformation of tourism business, e-tourism and tourism 2.0, big data and management for travel and tourism, geotagging and tourist mobility, smart destinations, robotics in tourism, and information systems and technologies. 410 0$aSmart Innovation, Systems and Technologies,$x2190-3026 ;$v345 606 $aComputational intelligence 606 $aTourism 606 $aManagement 606 $aArtificial intelligence 606 $aBusiness information services 606 $aComputational Intelligence 606 $aTourism Management 606 $aArtificial Intelligence 606 $aBusiness Information Systems 606 $aIT in Business 615 0$aComputational intelligence. 615 0$aTourism. 615 0$aManagement. 615 0$aArtificial intelligence. 615 0$aBusiness information services. 615 14$aComputational Intelligence. 615 24$aTourism Management. 615 24$aArtificial Intelligence. 615 24$aBusiness Information Systems. 615 24$aIT in Business. 676 $a660.05 702 $aCarvalho$b Joa?o Vidal 801 0$bMiAaPQ 801 1$bMiAaPQ 801 2$bMiAaPQ 906 $aBOOK 912 $a9910746968503321 996 $aAdvances in Tourism, Technology and Systems$92896494 997 $aUNINA